000 00436nam a2200181Ia 4500
001 11468
005 20260306162830.0
008 260306t1979||||xx |||||||||||||| ||spa||
041 _aESP
082 _a985.06
_bL31
100 _aLavalle, José Antonio de
_eAUT
245 0 _aMi misión en Chile en 1879
260 _c1979
300 _alxxi, 173 páginas :
_c21cm.
650 _aGEN
654 _aCHU
942 _cLIB
_dJUS
_fJUS
_2ddc
_n
999 _c11468
_d11468